000 01298nam a2200289 a 4500
003 OSt
005 20240607084058.0
007 cr ||||||a|c|a
008 240122s2021 mx a|||fom||| 001 0 spa d
040 _erda
100 1 _9188542
_aPineda Gleason, José Roberto
245 1 0 _aProducción de huitlacoche [Ustilago maydis (D. C.) Corda] en maíces híbridos y criollos de temporal en San Mateo Actipan, Calpulalpan, Tlaxcala /
_cpor José Roberto Pineda Gleason ; director de tesis José Cruz Salazar Torres.
264 1 _aChapingo, México :
_bEl autor,
_c2021.
300 _a1 recurso en línea (77 páginas):
_bfiguras, cuadros,
336 _2rdacontent
_atexto
_btxt
337 _2rdamedia
_acomputadora
_bc
338 _2rdacarrier
_arecurso en línea
_bcr
502 _bIAEPA
_cParasitología
_d2021.
_gLIC
504 _aIncluye referencias bibliográficas: páginas 60-67.
650 4 _970983
_aMaíz
_xInoculación
650 4 _9186395
_aHuitlacoche
_xProducción
650 4 _9130854
_aMaíz criollo
_xRendimiento
650 4 _9130854
_aMaíz criollo
_xRendimiento
700 1 _9101462
_aSalazar Torres, J. Cruz
_eDirector de tesis.
856 _uhttp://10.13.5.2/tesis/tl/1411975-3_Pineda_Gleason_Jose_Roberto.pdf
_zDESCARGAR PDF
942 _2Clasificación Universidad Autónoma Chapingo
999 _c219568
_d219568